000 00620nam a2200169 i 4500
001 21113
003 ES-MaACL
005 20230906152424.0
007 t|
008 021121s1913 sp ||||1| spa d
100 1 _aAlas Pumariño, Armando de las.
_919161
245 1 3 _aEl engaño de las horas /
_cson escenas, cuentos, ensayos de novela, crónicas y episodios compuestos por Armando de las Alas Pumariño que otras veces se firmaba Aristarco de Samotracia.
260 _aOviedo :
_b[s.n.],
_c1913 (
_fEl Carbayón)
300 _a222 p. ;
_c19 cm.
852 _aES-MaACL
_jF-8446
852 _aES-MaACL
_jD-3519
_bR.138567
999 _c21113
_d21113